| 000 | 00542nam a22001817a 4500 | ||
|---|---|---|---|
| 999 |
_c182649 _d182649 |
||
| 005 | 20211230164123.0 | ||
| 010 | _aENG-130143 | ||
| 020 | _c350.00 | ||
| 035 | _aEN-113675 | ||
| 037 | _bDBAD/PUB | ||
| 082 |
_a881 _bVEL |
||
| 100 | _aVelchala, Kondal Rao | ||
| 245 |
_aPoems to Note Quote & Float:: _cKondal Rao Velchala |
||
| 260 |
_aHyderabad _bVishwanatha Sahitya Peetam _c2013 |
||
| 270 |
_aSister Nivedita 11-4-654/3,Red Hills,Ph-23396358 _bHyderabad |
||
| 300 |
_a264p _c23cm(pbk) |
||
| 942 |
_2ddc _cEN _h881 _mVEL |
||